[Event "Deutschnofen-Merania"]
[Site "?"]
[Date "2015.11.07"]
[Round "1.6"]
[White "Welsch, Ulrich"]
[Black "Kaserer, Hanspeter"]
[Result "0-1"]
[WhiteElo "1589"]
[BlackElo "1674"]
[PlyCount "90"]
[EventDate "2015.??.??"]

1. d4 Nf6 2. c4 g6 3. Nc3 d5 4. g3 Bg7 5. Bg2 dxc4 6. Qa4+ c6 7. Qxc4 O-O 8.
Nf3 Nbd7 9. O-O Nb6 10. Qd3 Nfd5 11. h3 Re8 12. Rd1 Nb4 13. Qb1 N4d5 14. e4
Nxc3 15. bxc3 e5 16. Bg5 Qc7 17. Nxe5 f6 18. Qb3+ Kf8 19. Nxc6 bxc6 20. Bf4 Qf7
21. d5 Bd7 22. Rac1 Kg8 23. c4 cxd5 24. exd5 Ba4 25. Qb4 Bxd1 26. Rxd1 Bf8 27.
c5 Bxc5 28. Qxc5 Rac8 29. Qb5 Rc2 30. a4 Ree2 31. Be3 Rb2 32. Qc6 Rec2 33. Qd6
Nc4 34. Qd8+ Kg7 35. Bc5 Ne5 36. Be3 g5 37. d6 Qd7 38. Qa8 Nc4 39. Bxa7 Nxd6
40. Be3 Qe7 41. Bd5 Nf7 42. a5 Re2 43. Bb6 Re1+ 44. Rxe1 Qxe1+ 45. Kh2 Rb1 0-1

[Event "Deutschnofen-Merania"]
[Site "?"]
[Date "2015.11.07"]
[Round "1.1"]
[White "Bonagura, Stefano"]
[Black "Manca, Federico"]
[Result "1/2-1/2"]
[WhiteElo "2249"]
[BlackElo "2409"]
[PlyCount "84"]
[EventDate "2015.??.??"]

1. e4 e5 2. Nf3 Nc6 3. Bc4 Bc5 4. b4 Bb6 5. a4 a6 6. O-O Nf6 7. d3 d6 8. c3 h6
9. Nbd2 O-O 10. h3 Ne7 11. Re1 Ng6 12. Nf1 Nh5 13. d4 Qf6 14. Be3 Nhf4 15. N1h2
h5 16. Ra2 a5 17. b5 Re8 18. dxe5 dxe5 19. Bxb6 cxb6 20. Rd2 Be6 21. Bxe6 Rxe6
22. Nf1 Nh4 23. Nxh4 Qxh4 24. Re3 Ree8 25. Ng3 Qg5 26. h4 Qxh4 27. Nf5 Qf6 28.
Rd6 Re6 29. Rd7 Rf8 30. g3 Qg5 31. Kh2 Ng6 32. Red3 Ne7 33. Nxe7+ Rxe7 34. Rxe7
Qxe7 35. Qxh5 Qc5 36. Kg2 Qc4 37. Re3 Re8 38. Qd1 Qc7 39. Rd3 Qc4 40. Re3 Qc7
41. Rd3 Qc4 42. Re3 Re6 1/2-1/2

[Event "Ehrenburg-Steinegg"]
[Site "?"]
[Date "2015.11.08"]
[Round "1.2"]
[White "Ploner, Heinz"]
[Black "Engl, Alexander"]
[Result "0-1"]
[WhiteElo "1584"]
[BlackElo "1851"]
[PlyCount "92"]
[EventDate "2015.??.??"]

1. d4 e6 2. Nf3 f5 3. Bf4 Nf6 4. e3 d5 5. c4 c6 6. Nc3 Bd6 7. Bd3 O-O 8. Qc2
Ne4 9. Bxd6 Qxd6 10. g4 Nd7 11. gxf5 exf5 12. O-O-O Ndf6 13. h3 Be6 14. c5 Qc7
15. Rhg1 b6 16. Ng5 Nxg5 17. Rxg5 Ne4 18. Nxe4 fxe4 19. Bf1 Qe7 20. Rg3 Qf6 21.
Rd2 Rf7 22. Bg2 Raf8 23. cxb6 axb6 24. Bh1 Qh4 25. Bg2 Rxf2 26. Rxf2 Qxg3 27.
Rxf8+ Kxf8 28. Qe2 Ke7 29. a4 Bxh3 30. Bxh3 Qxh3 31. Qe1 Kd7 32. b4 Qg2 33. Kb1
Qg6 34. Qc1 Qd6 35. Qe1 g5 36. Kb2 h5 37. Kb3 h4 38. Qf2 Ke7 39. Qf5 Qf6 40.
Qh7+ Kd6 41. Qb7 Qd8 42. b5 cxb5 43. axb5 Qc7 44. Qa8 Qc4+ 45. Kb2 Qxb5+ 46.
Kc2 Qc6+ 0-1

[Event "Ehrenburg-Steinegg"]
[Site "?"]
[Date "2015.11.08"]
[Round "1.3"]
[White "Lantschner, Carmen"]
[Black "Mitterhofer, Martin"]
[Result "0-1"]
[WhiteElo "1618"]
[BlackElo "1564"]
[PlyCount "78"]
[EventDate "2015.??.??"]

1. e4 g6 2. d4 Bg7 3. Nc3 d6 4. Be3 Nd7 5. Nf3 a6 6. Bc4 b5 7. Bxf7+ Kf8 8. Bd5
Rb8 9. Ng5 Nb6 10. Nf7 Qd7 11. Nxh8 Bxh8 12. Bb3 Bb7 13. a3 Nf6 14. f3 e6 15.
O-O Bg7 16. e5 Ng8 17. exd6 cxd6 18. Qe2 Ne7 19. Rad1 Nf5 20. Bf2 d5 21. g4 Nd6
22. Bg3 Re8 23. Na2 Nbc4 24. c3 Bh6 25. Bxc4 Nxc4 26. f4 Kg8 27. Rde1 Nd6 28.
Nb4 Ne4 29. Bh4 g5 30. fxg5 Bxg5 31. Bxg5 Nxg5 32. Nd3 Bc8 33. Ne5 Qg7 34. Rf4
Nh3+ 35. Kh1 Nxf4 36. Qe3 Rf8 37. h3 Ng6 38. Nf3 Qf6 39. Kg2 Qxf3+ 0-1

[Event "Ehrenburg-Steinegg"]
[Site "?"]
[Date "2015.11.08"]
[Round "1.4"]
[White "Messner, Hannes"]
[Black "Resch, Aaron"]
[Result "1-0"]
[WhiteElo "1482"]
[BlackElo "1752"]
[PlyCount "83"]
[EventDate "2015.??.??"]

1. d4 b6 2. Nf3 Bb7 3. Bf4 d6 4. e3 Nd7 5. Be2 g6 6. O-O Bg7 7. c4 e6 8. Nc3
Ne7 9. Rc1 O-O 10. b3 Nc6 11. Na4 e5 12. dxe5 Ncxe5 13. Bxe5 Nxe5 14. Nxe5 Bxe5
15. Bf3 Qh4 16. g3 Bxf3 17. Qxf3 Qe7 18. Rfd1 Rad8 19. Nc3 Rfe8 20. Qb7 a5 21.
Nb5 Qd7 22. Qxc7 Qxc7 23. Nxc7 Re7 24. Nb5 Red7 25. Rd5 Kf8 26. Rcd1 Ke7 27. f4
Bg7 28. e4 Bf8 29. Nd4 Rc7 30. Rb5 Rb8 31. Rd5 Rd8 32. Re1 Bg7 33. Nf3 h6 34.
g4 Rc5 35. Red1 Rc6 36. e5 Ke6 37. Nd4+ Kd7 38. Nxc6 Kxc6 39. Rxd6+ Rxd6 40.
Rxd6+ Kc7 41. Kf2 f6 42. exf6 1-0

[Event "Ehrenburg-Steinegg"]
[Site "?"]
[Date "2015.11.08"]
[Round "1.5"]
[White "Lantschner, Alexander"]
[Black "Harrasser, Jakob"]
[Result "0-1"]
[WhiteElo "1851"]
[BlackElo "1420"]
[PlyCount "76"]
[EventDate "2015.??.??"]

1. e4 c5 2. Nc3 d6 3. Bc4 e6 4. d3 Nd7 5. Nf3 Ngf6 6. Bg5 Be7 7. O-O O-O 8. a3
h6 9. Bh4 a6 10. h3 b5 11. Ba2 Bb7 12. Re1 Rc8 13. Rc1 Nh7 14. Bxe7 Qxe7 15.
Nh2 Nhf6 16. Re3 Ne5 17. Rg3 Kh7 18. f4 Ng6 19. Qf1 Nh5 20. Rf3 f5 21. Qe2
Nhxf4 22. Qd1 Qg5 23. Qf1 c4 24. Rd1 d5 25. exd5 exd5 26. Ne2 Nxe2+ 27. Qxe2 d4
28. Rf2 Nf4 29. Rxf4 Qxf4 30. Rf1 Qe3+ 31. Qf2 Qxf2+ 32. Rxf2 cxd3 33. cxd3
Rc1+ 34. Nf1 Rd1 35. g4 Rf6 36. gxf5 Rxd3 37. h4 Rh3 38. Nd2 Rh1# 0-1

[Event "Ehrenburg-Steinegg"]
[Site "?"]
[Date "2015.11.08"]
[Round "1.1"]
[White "Engl, Stefan"]
[Black "Flatscher, Tobias"]
[Result "1/2-1/2"]
[WhiteElo "1920"]
[BlackElo "1749"]
[PlyCount "60"]
[EventDate "2015.??.??"]

1. e4 c5 2. d4 e6 3. d5 exd5 4. exd5 d6 5. c4 Nf6 6. Nc3 Be7 7. Bd3 Bg4 8. Nge2
Nbd7 9. f3 Bh5 10. Nf4 Bg6 11. Nxg6 hxg6 12. f4 Nh5 13. O-O O-O 14. f5 Ne5 15.
Be2 Nf6 16. Bf4 Nfd7 17. Qc2 g5 18. Be3 f6 19. b3 a6 20. a4 Nf7 21. Bh5 Nde5
22. Qe2 Nh6 23. Ne4 Qd7 24. Bg6 Nxg6 25. fxg6 Qg4 26. Qxg4 Nxg4 27. Rae1 Ne5
28. Bd2 Nxg6 29. Ng3 Rae8 30. Nf5 Ne5 1/2-1/2

[Event "Lana-Kaltern/Tramin2"]
[Site "?"]
[Date "2015.11.07"]
[Round "1.1"]
[White "Dibiasi, Rainer"]
[Black "Innerhofer, Stefan"]
[Result "1-0"]
[WhiteElo "1801"]
[BlackElo "1625"]
[PlyCount "61"]
[EventDate "2015.??.??"]

1. e4 b6 2. d4 e6 3. Bd3 Bb7 4. Nh3 c5 5. dxc5 Bxc5 6. O-O Ne7 7. a3 Ng6 8. b4
Bd4 9. c3 Bf6 10. f4 d6 11. Qe2 Nd7 12. Bb2 O-O 13. Nd2 Qc7 14. Rac1 Rac8 15.
Nb3 a5 16. Nd4 Bxd4+ 17. cxd4 Qb8 18. Rb1 axb4 19. axb4 Rc7 20. Ra1 Ba8 21.
Rae1 Ra7 22. Rf2 Ne7 23. b5 e5 24. fxe5 dxe5 25. Bc4 Nf6 26. Ng5 Ng6 27. dxe5
Nxe5 28. Rxf6 gxf6 29. Qh5 h6 30. Bxe5 Qxe5 31. Qg6+ 1-0

[Event "Ridnaun-Taufers"]
[Site "?"]
[Date "2015.11.14"]
[Round "1.1"]
[White "Holzer, Philipp"]
[Black "Aigner, Helmut"]
[Result "0-1"]
[WhiteElo "1830"]
[BlackElo "1858"]
[PlyCount "49"]
[EventDate "2015.??.??"]

1. e4 e5 2. Nf3 Nc6 3. d4 exd4 4. Bc4 Nf6 5. e5 d5 6. exf6 dxc4 7. O-O Qxf6 8.
Re1+ Be6 9. Nbd2 O-O-O 10. Nxc4 Bxc4 11. Bg5 Qd6 12. Bxd8 Qxd8 13. c3 d3 14.
Qa4 Bd5 15. Re3 Bxf3 16. Rxf3 Bc5 17. Qc4 Ne5 18. Qxc5 d2 19. Rd1 Nxf3+ 20.
gxf3 Re8 21. Kg2 Re1 22. Qf5+ Kb8 23. Qc2 Qg5+ 24. Kh3 Re6 25. Qxh7 0-1

[Event "Brixen/Milland-Ehrenburg"]
[Site "?"]
[Date "2015.11.07"]
[Round "1.1"]
[White "Hengl, Christian"]
[Black "Sader, Michael"]
[Result "1/2-1/2"]
[WhiteElo "2166"]
[BlackElo "2150"]
[PlyCount "41"]
[EventDate "2015.??.??"]

1. e4 d6 2. Nc3 Nf6 3. g3 g6 4. Bg2 Bg7 5. d3 O-O 6. h3 c6 7. Nge2 e5 8. O-O b5
9. f4 b4 10. Nb1 Nbd7 11. Be3 d5 12. Nd2 a5 13. fxe5 Nxe5 14. d4 Nc4 15. Nxc4
dxc4 16. e5 Nd5 17. Bxd5 cxd5 18. Qd2 Qe8 19. Nf4 Be6 20. Nxe6 Qxe6 21. Kh2
1/2-1/2

[Event "Brixen/Milland-Ehrenburg"]
[Site "?"]
[Date "2015.11.07"]
[Round "1.2"]
[White "Brenninger, Daniel"]
[Black "Jedinger, Andreas"]
[Result "1/2-1/2"]
[WhiteElo "2072"]
[BlackElo "2132"]
[PlyCount "25"]
[EventDate "2015.??.??"]

1. e4 e5 2. Nf3 Nc6 3. d4 exd4 4. Nxd4 Bc5 5. Be3 Qf6 6. c3 Nge7 7. Nc2 b6 8.
Nd2 d6 9. Qf3 Bxe3 10. Nxe3 Qxf3 11. Nxf3 O-O 12. Bb5 Bb7 13. O-O 1/2-1/2

[Event "Brixen/Milland-Ehrenburg"]
[Site "?"]
[Date "2015.11.07"]
[Round "1.3"]
[White "Steger, Gerhard"]
[Black "Kofler, Thomas"]
[Result "0-1"]
[WhiteElo "1924"]
[BlackElo "1971"]
[PlyCount "108"]
[EventDate "2015.??.??"]

1. Nc3 e5 2. e4 d6 3. d4 Nd7 4. f4 c6 5. Nf3 Qc7 6. Bc4 h6 7. O-O Ngf6 8. a4
Be7 9. Kh1 O-O 10. Bb3 exd4 11. Qxd4 Nc5 12. f5 Nxb3 13. cxb3 Qb6 14. Qxb6 axb6
15. Be3 Ra6 16. Rad1 b5 17. axb5 cxb5 18. Nd5 Bd8 19. Nb4 Ra8 20. Rxd6 Nxe4 21.
Rd5 Bf6 22. Bd4 Be7 23. Rxb5 Nd6 24. Rb6 Nxf5 25. Nd5 Bd8 26. Rb5 Nd6 27. Rb4
Be6 28. Nb6 Ra2 29. Ra4 Bxb3 30. Rxa2 Bxa2 31. Bc5 Bxb6 32. Bxb6 Ne4 33. Re1
Bd5 34. Kg1 Rc8 35. Nd4 g6 36. h4 Rc4 37. Nf3 Rc2 38. Bd4 f5 39. Ra1 Rc8 40.
Ne5 g5 41. hxg5 hxg5 42. Ra5 Be6 43. Ra7 g4 44. Bc3 Nxc3 45. bxc3 Rxc3 46. Rxb7
g3 47. Kf1 Bd5 48. Rd7 Rc1+ 49. Ke2 Bxg2 50. Nd3 Bf1+ 51. Kd2 Rc4 52. Rd8+ Kg7
53. Rd7+ Kf6 54. Rd6+ Kg5 0-1

[Event "Brixen/Milland-Ehrenburg"]
[Site "?"]
[Date "2015.11.07"]
[Round "1.4"]
[White "Kofler, Oswald"]
[Black "Mairhofer, Lino"]
[Result "1-0"]
[WhiteElo "1845"]
[BlackElo "1737"]
[PlyCount "105"]
[EventDate "2015.??.??"]

1. e4 c5 2. Nf3 d6 3. b3 Nc6 4. Bb2 Nf6 5. d3 g6 6. Be2 Bg7 7. O-O O-O 8. Nbd2
e6 9. c3 d5 10. e5 Nd7 11. d4 cxd4 12. cxd4 f6 13. Bb5 fxe5 14. Bxc6 bxc6 15.
Nxe5 Nxe5 16. dxe5 c5 17. Re1 Bb7 18. Qg4 Qe7 19. Nf3 Rf5 20. Rac1 d4 21. h4
Bxf3 22. gxf3 Bxe5 23. Re4 Bd6 24. Rce1 e5 25. b4 Qf6 26. bxc5 Bxc5 27. Bc1 Bb4
28. Bg5 Qf7 29. Rb1 Bd6 30. Rb3 Rf8 31. Kg2 Kg7 32. Re2 Qd5 33. Qe4 Qxe4 34.
fxe4 R5f7 35. Rc2 h6 36. Bc1 Be7 37. Kg3 Rd8 38. Rd3 Bd6 39. Bd2 Rc7 40. Rxc7+
Bxc7 41. Rb3 Rb8 42. Ra3 Bb6 43. f4 Kf6 44. fxe5+ Kxe5 45. Bf4+ Kxe4 46. Bxb8
d3 47. Ra4+ Ke3 48. Bf4+ Ke2 49. Re4+ Kd1 50. Bxh6 Kc2 51. Rc4+ Kd1 52. Rc6 Ke2
53. Re6+ 1-0

[Event "Brixen/Milland-Ehrenburg"]
[Site "?"]
[Date "2015.11.07"]
[Round "1.5"]
[White "Mairhofer, Rene"]
[Black "Wisthaler, Lukas"]
[Result "1/2-1/2"]
[WhiteElo "1665"]
[BlackElo "1783"]
[PlyCount "74"]
[EventDate "2015.??.??"]

1. e4 c5 2. Nf3 e6 3. d4 cxd4 4. Nxd4 a6 5. c4 Nf6 6. Nc3 Qc7 7. a3 Nc6 8. Be3
Be7 9. Be2 O-O 10. O-O d6 11. f4 Nxd4 12. Bxd4 b6 13. Rc1 Bb7 14. Bf3 Nd7 15.
b4 Bf6 16. Bxf6 Nxf6 17. Qd4 Rac8 18. Na4 Rb8 19. Qxb6 Qxb6+ 20. Nxb6 Bxe4 21.
c5 Bxf3 22. Rxf3 dxc5 23. bxc5 Rb7 24. Rd3 Rc7 25. c6 g6 26. Nd7 Nxd7 27. Rxd7
Rfc8 28. Rb1 Rxc6 29. Rbb7 Rf8 30. Ra7 Kg7 31. Kf2 Kf6 32. Ke3 h6 33. h3 g5 34.
g3 gxf4+ 35. gxf4 Kg6 36. Kd3 Rb6 37. Rdc7 f6 1/2-1/2

[Event "Naturns2-Naturns3"]
[Site "?"]
[Date "2015.11.07"]
[Round "1.2"]
[White "Illmer, Markus"]
[Black "Christanell, Anton"]
[Result "1/2-1/2"]
[WhiteElo "1551"]
[BlackElo "1548"]
[PlyCount "69"]
[EventDate "2015.??.??"]

1. d4 d6 2. Nf3 g6 3. Bg5 Bg7 4. c3 Nf6 5. Nbd2 Nbd7 6. e3 O-O 7. Bd3 c5 8. O-O
a6 9. Qe2 b5 10. b4 Bb7 11. Bxf6 Bxf6 12. Be4 Bxe4 13. Nxe4 c4 14. Nxf6+ Nxf6
15. e4 e6 16. a3 Re8 17. Ra2 Nh5 18. g3 f5 19. e5 d5 20. h4 Qe7 21. Qd2 Kg7 22.
a4 Kg8 23. Rfa1 Qb7 24. Qh6 Ra7 25. axb5 Qxb5 26. Ra5 Qb6 27. b5 Rea8 28. Ng5
axb5 29. Rxa7 Rxa7 30. Rxa7 Qxa7 31. Nxe6 Qf7 32. Ng5 Qg7 33. Qxg7+ Nxg7 34.
Kf1 h6 35. Nf3 1/2-1/2

[Event "Naturns-Bruneck"]
[Site "?"]
[Date "2015.11.14"]
[Round "2.1"]
[White "Luciani, Valerio"]
[Black "Mukic, Josko"]
[Result "1/2-1/2"]
[WhiteElo "2149"]
[BlackElo "2262"]
[PlyCount "46"]
[EventDate "2015.??.??"]

1. e4 e6 2. d4 d5 3. e5 c5 4. c3 Nc6 5. Be3 f6 6. f4 Qb6 7. Qd2 Nh6 8. Nf3 Bd7
9. Bd3 Rc8 10. exf6 gxf6 11. dxc5 Bxc5 12. Bxc5 Qxc5 13. Na3 Nf7 14. Qf2 Qxf2+
15. Kxf2 O-O 16. g3 a6 17. Rhe1 e5 18. Bf1 Nd6 19. Kg2 Rce8 20. Nc2 exf4 21.
gxf4 Kf7 22. Bd3 Rg8+ 23. Kf2 Rg4 1/2-1/2

[Event "Naturns-Bruneck"]
[Site "?"]
[Date "2015.11.14"]
[Round "2.2"]
[White "La Manna, Andrea"]
[Black "Moling, Patrick"]
[Result "1/2-1/2"]
[WhiteElo "2172"]
[BlackElo "2094"]
[PlyCount "140"]
[EventDate "2015.??.??"]

1. d4 Nf6 2. c4 c5 3. d5 d6 4. Nc3 g6 5. Nf3 Bg7 6. h3 O-O 7. Bf4 Na6 8. e3 Nc7
9. Be2 a6 10. a4 Rb8 11. Ra3 Bd7 12. Rb3 Qe8 13. a5 Ba4 14. Nxa4 Qxa4 15. Ra3
Qb4+ 16. Qd2 b5 17. Qxb4 cxb4 18. Rb3 bxc4 19. Bxc4 Nfxd5 20. Bg3 e5 21. O-O
Ne7 22. e4 Nc6 23. Ra1 h6 24. Rd3 Rfd8 25. Nd2 Nd4 26. f3 Ne2+ 27. Kf2 Nf4 28.
Bxf4 exf4 29. Rc1 Ne6 30. Bxe6 fxe6 31. Rc6 Bxb2 32. Rcxd6 Rxd6 33. Rxd6 Kf7
34. Rxa6 b3 35. Ke2 Bd4 36. Rc6 Be3 37. Nb1 Rb5 38. a6 Ra5 39. Kd3 Ra1 40. Nc3
e5 41. Rc7+ Kf6 42. Rb7 Kg5 43. Rxb3 Rxa6 44. Rb5 Bd4 45. Ne2 Ra3+ 46. Kc4 Ba1
47. Rb1 Re3 48. Nc1 Bd4 49. Nb3 Bb6 50. Kd5 Kf6 51. Rb2 Rd3+ 52. Kc4 Rd6 53.
Rd2 Rxd2 54. Nxd2 Ke6 55. Kb5 Be3 56. Nc4 Bd4 57. Kc6 h5 58. Nd2 g5 59. Nb3 Bc3
60. Nc5+ Kf6 61. Kd5 g4 62. hxg4 hxg4 63. Nd7+ Kg5 64. Nxe5 gxf3 65. gxf3 Kh4
66. Nd7 Kg3 67. e5 Kxf3 68. e6 Bb4 69. Nc5 Bxc5 70. Kxc5 Kg2 1/2-1/2

[Event "Naturns-Bruneck"]
[Site "?"]
[Date "2015.11.14"]
[Round "2.3"]
[White "Peintner, Andreas"]
[Black "Lezzerini, Marco"]
[Result "1-0"]
[WhiteElo "1915"]
[BlackElo "2086"]
[PlyCount "63"]
[EventDate "2015.??.??"]

1. d4 Nf6 2. c4 c5 3. d5 b5 4. Qc2 bxc4 5. e4 e6 6. Bxc4 exd5 7. exd5 d6 8. Nf3
Be7 9. O-O O-O 10. h3 Ba6 11. b3 Bxc4 12. bxc4 Nbd7 13. Bb2 Rb8 14. Nbd2 Qc7
15. Rfe1 Rfe8 16. Bc3 Bf8 17. Nb3 Rxe1+ 18. Rxe1 Re8 19. Rxe8 Nxe8 20. Na5 Nb6
21. Ng5 g6 22. Ne4 Bg7 23. Bxg7 Kxg7 24. Qc3+ Kg8 25. Nc6 Na4 26. Nf6+ Nxf6 27.
Qxf6 Nb6 28. h4 Qd7 29. f3 Nxc4 30. h5 Qe8 31. Ne7+ Kf8 32. hxg6 1-0

[Event "Naturns-Bruneck"]
[Site "?"]
[Date "2015.11.14"]
[Round "2.4"]
[White "Unterthurner, Hans"]
[Black "Niederkofler, Andreas"]
[Result "0-1"]
[WhiteElo "1967"]
[BlackElo "1797"]
[PlyCount "56"]
[EventDate "2015.??.??"]

1. e4 c5 2. c3 d5 3. exd5 Qxd5 4. Nf3 Nf6 5. d4 Bg4 6. Be2 e6 7. O-O Nc6 8. Na3
a6 9. Nc2 cxd4 10. cxd4 Qd8 11. Ne3 Bh5 12. b3 Be7 13. Bb2 O-O 14. Nc4 Nd5 15.
Nfe5 Bxe2 16. Qxe2 Rc8 17. Rfd1 b5 18. Nxc6 Rxc6 19. Ne5 Rc8 20. a4 bxa4 21.
Rxa4 a5 22. Rc4 Bf6 23. Ba3 Re8 24. Rdc1 Rxc4 25. Qxc4 Bxe5 26. dxe5 Qg5 27.
Bd6 Nf4 28. g3 Ne2+ 0-1

[Event "Naturns-Bruneck"]
[Site "?"]
[Date "2015.11.14"]
[Round "2.5"]
[White "Oberhammer, Guenther"]
[Black "Gurschler, Thomas"]
[Result "1/2-1/2"]
[WhiteElo "1544"]
[BlackElo "1810"]
[PlyCount "144"]
[EventDate "2015.??.??"]

1. e4 g6 2. d4 Bg7 3. Bc4 c6 4. c3 d5 5. exd5 cxd5 6. Bb3 Nf6 7. Ne2 Nc6 8. O-O
O-O 9. Nf4 Bf5 10. f3 Bxb1 11. Rxb1 e6 12. Nd3 Qc7 13. Bf4 Qd8 14. Qd2 Rc8 15.
Bg5 Qb6 16. Nc5 Qc7 17. Bf4 Qe7 18. Bg5 b6 19. Nd3 Qb7 20. Qf4 Ne8 21. Bh6 Qe7
22. Bxg7 Nxg7 23. Rbe1 Qc7 24. Qg4 Nf5 25. Bc2 h5 26. Qg5 Qd8 27. Qxd8 Rfxd8
28. Bb1 Kg7 29. Ne5 Nxe5 30. Rxe5 Nd6 31. Bd3 b5 32. g4 hxg4 33. fxg4 Nc4 34.
Bxc4 Rxc4 35. h4 b4 36. Rf3 Rdc8 37. h5 bxc3 38. bxc3 Rxc3 39. h6+ Kxh6 40.
Rxf7 Rg3+ 41. Kf2 Rxg4 42. Rxa7 Rxd4 43. Ke3 Rb4 44. Ra6 Re8 45. a3 Rb3+ 46.
Kd4 Kg7 47. a4 Kf7 48. a5 Re7 49. Re2 Rbb7 50. Rf2+ Kg7 51. Rb6 e5+ 52. Kxd5 e4
53. Rxb7 Rxb7 54. Kxe4 Rb4+ 55. Ke3 Ra4 56. Rb2 Rxa5 57. Rb7+ Kf6 58. Rb4 Kg5
59. Kf3 Ra3+ 60. Kf2 Kh5 61. Kg2 g5 62. Kh2 g4 63. Rb2 Kh4 64. Kg2 Re3 65. Rc2
Kg5 66. Rc5+ Kf4 67. Rc4+ Re4 68. Rc2 Kg5 69. Rc5+ Kh4 70. Rc2 Re3 71. Ra2 Rg3+
72. Kh2 Rf3 1/2-1/2

[Event "Naturns-Bruneck"]
[Site "?"]
[Date "2015.11.14"]
[Round "2.6"]
[White "Gurschler, Gregor"]
[Black "Lang, Guenther"]
[Result "0-1"]
[WhiteElo "1826"]
[BlackElo "1705"]
[PlyCount "115"]
[EventDate "2015.??.??"]

1. e4 c6 2. d3 g6 3. Nf3 Bg7 4. Nbd2 d6 5. g3 e5 6. Bg2 Ne7 7. c3 O-O 8. O-O h6
9. b4 Be6 10. Bb2 Qd7 11. Qc2 Bh3 12. d4 Bxg2 13. Kxg2 f5 14. Qb3+ Kh7 15. dxe5
fxe4 16. Nxe4 Qf5 17. Ned2 dxe5 18. Rae1 Nd7 19. c4 g5 20. Ne4 b6 21. Nd6 Qe6
22. Ne4 Qf5 23. Nd6 Qe6 24. Qc2+ Qg6 25. Qxg6+ Nxg6 26. Ne4 g4 27. Nfd2 Rad8
28. f3 c5 29. b5 gxf3+ 30. Rxf3 Rxf3 31. Nxf3 Ndf8 32. Nc3 Rd3 33. Re4 Ne6 34.
Nd5 Nd4 35. Bxd4 cxd4 36. Kf2 Kg8 37. Nb4 Rc3 38. Nd2 Ra3 39. Ke2 Kf7 40. Kd1
Bf8 41. Nc6 Kf6 42. Re2 h5 43. Rf2+ Ke6 44. Ne4 Be7 45. Nxe7 Nxe7 46. Rf6+ Kd7
47. Rh6 Nf5 48. Rxh5 Ne3+ 49. Kc1 Nxc4 50. Rh7+ Ke6 51. Rc7 Kf5 52. Rxc4 Kxe4
53. Rc2 Rf3 54. Re2+ Kd5 55. g4 e4 56. Kd2 Ra3 57. g5 e3+ 58. Kd1 0-1

[Event "Groeden-Deutschnofen"]
[Site "?"]
[Date "2015.11.14"]
[Round "2.1"]
[White "Manca, Federico"]
[Black "Moroder, Stephan"]
[Result "1-0"]
[WhiteElo "2409"]
[BlackElo "2164"]
[PlyCount "75"]
[EventDate "2015.??.??"]

1. e4 c5 2. Nf3 d6 3. Bb5+ Nc6 4. O-O e5 5. c3 Nge7 6. d4 a6 7. Ba4 b5 8. Bc2
cxd4 9. cxd4 Bg4 10. dxe5 dxe5 11. Nbd2 Ng6 12. h3 Be6 13. Bb3 Nf4 14. Bxe6
Nxe6 15. Nb3 Qxd1 16. Rxd1 f6 17. a4 bxa4 18. Rxa4 Bb4 19. Bd2 Bxd2 20. Nfxd2
Kf7 21. Rda1 Rhb8 22. Rxa6 Rxa6 23. Rxa6 Ncd4 24. Ra3 Nc2 25. Ra2 Kg6 26. Na5
Nb4 27. Ra3 Nd4 28. Nac4 Nbc2 29. Ra7 Ne1 30. Ra3 Kh6 31. Kh2 Nec2 32. Ra7 Rb4
33. Rc7 Rb8 34. Nf1 Rb3 35. Ng3 Rb4 36. Nd6 Rxb2 37. Ndf5+ Nxf5 38. Nxf5+ 1-0

[Event "Groeden-Deutschnofen"]
[Site "?"]
[Date "2015.11.14"]
[Round "2.2"]
[White "Demetz, Rainer"]
[Black "Rossi, Carlo"]
[Result "0-1"]
[WhiteElo "2183"]
[BlackElo "2284"]
[PlyCount "92"]
[EventDate "2015.??.??"]

1. c4 Nc6 2. d4 e5 3. d5 Nce7 4. Nc3 Ng6 5. Nf3 Nf6 6. e3 Bb4 7. Qc2 O-O 8. a3
Bxc3+ 9. Qxc3 d6 10. Be2 a5 11. b4 axb4 12. axb4 Ne4 13. Qb2 Rxa1 14. Qxa1 Bg4
15. Bb2 Nh4 16. Nxh4 Bxe2 17. Kxe2 Qxh4 18. g3 Qh5+ 19. f3 Ng5 20. g4 Qg6 21.
Qb1 e4 22. f4 Nh3 23. Qf1 Qxg4+ 24. Kd2 Ra8 25. Kc2 h5 26. Kb3 Kh7 27. Qd1 f6
28. Qd2 Qf3 29. Re1 Nxf4 30. Rg1 Nd3 31. Bc3 g5 32. Qd1 Qxd1+ 33. Rxd1 Kg6 34.
Rf1 f5 35. Bd2 h4 36. c5 dxc5 37. bxc5 Nxc5+ 38. Kc4 Nd7 39. Rb1 Nb6+ 40. Kd4
Ra4+ 41. Kc5 Rc4+ 42. Kb5 Rc2 43. d6 cxd6 44. Bb4 Nd5 45. Rd1 Nxb4 46. Rxd6+
Kh5 0-1

[Event "Groeden-Deutschnofen"]
[Site "?"]
[Date "2015.11.14"]
[Round "2.3"]
[White "Gibitz, Othmar"]
[Black "Bernardi, Ruben"]
[Result "0-1"]
[WhiteElo "1644"]
[BlackElo "2080"]
[PlyCount "48"]
[EventDate "2015.??.??"]

1. e4 e6 2. d4 d5 3. Nc3 Nf6 4. Bg5 Be7 5. e5 Nfd7 6. Bxe7 Qxe7 7. Nb5 O-O 8.
c3 f6 9. Nxc7 fxe5 10. dxe5 Qc5 11. Qd4 Qxc7 12. f4 Nc6 13. Qd2 Nc5 14. O-O-O
d4 15. cxd4 Nxd4 16. Kb1 Nf5 17. g4 Nh4 18. Nh3 Bd7 19. b4 Bc6 20. bxc5 Rad8
21. Bd3 Bxh1 22. Rxh1 Qxc5 23. Rd1 g6 24. Qb2 Qe3 0-1

[Event "Groeden-Deutschnofen"]
[Site "?"]
[Date "2015.11.14"]
[Round "2.4"]
[White "Oberrauch, Martin"]
[Black "Hofer, Alois"]
[Result "1-0"]
[WhiteElo "2043"]
[BlackElo "1688"]
[PlyCount "93"]
[EventDate "2015.??.??"]

1. e4 c5 2. d3 Nc6 3. f4 d6 4. Nf3 g6 5. g3 Bg4 6. Bg2 e6 7. Nbd2 Nge7 8. h3
Bxf3 9. Nxf3 Bg7 10. O-O O-O 11. c3 Rc8 12. g4 d5 13. Qe2 Qd7 14. e5 a6 15. Qf2
f5 16. exf6 Rxf6 17. Qh4 Rcf8 18. Ng5 h6 19. Nf3 d4 20. c4 Qc8 21. Qe1 R6f7 22.
a3 a5 23. Bd2 b6 24. Qe4 e5 25. Nxe5 Nxe5 26. fxe5 Rxf1+ 27. Rxf1 Rxf1+ 28.
Kxf1 Qe6 29. Bf4 g5 30. Bg3 Kf8 31. Qa8+ Qc8 32. Qa7 Qe6 33. Qb8+ Kf7 34. Qc7
Kg8 35. Qd8+ Kh7 36. Be4+ Ng6 37. Qd6 Qxd6 38. exd6 Bf6 39. Bf5 Kg7 40. Ke2 Bd8
41. Kf3 Nf8 42. Ke4 Kf7 43. Kd5 Ke8 44. Kc6 Kf7 45. d7 Ne6 46. Bxe6+ Kxe6 47.
Bc7 1-0

[Event "Groeden-Deutschnofen"]
[Site "?"]
[Date "2015.11.14"]
[Round "2.5"]
[White "Welsch, Ulrich"]
[Black "Moroder, Thomas"]
[Result "0-1"]
[WhiteElo "1589"]
[BlackElo "1951"]
[PlyCount "60"]
[EventDate "2015.??.??"]

1. d4 Nf6 2. g3 g6 3. Bg2 Bg7 4. Nf3 O-O 5. c4 d6 6. O-O c6 7. Nc3 Nbd7 8. e4
e5 9. dxe5 dxe5 10. b3 Re8 11. Bg5 h6 12. Be3 Ng4 13. Qd2 Bf8 14. Rad1 Nxe3 15.
Qxe3 Qb6 16. Rfe1 Nc5 17. h3 f6 18. Re2 Be6 19. Ne1 Bf7 20. f4 Ne6 21. Qxb6
axb6 22. fxe5 Bb4 23. Na4 b5 24. cxb5 cxb5 25. Nc2 Ba5 26. b4 Bc7 27. Nc3 Bxe5
28. Nd5 Rxa2 29. Rf2 Kg7 30. Nd4 Bxd4 0-1

[Event "Groeden-Deutschnofen"]
[Site "?"]
[Date "2015.11.14"]
[Round "2.6"]
[White "Grossi, Christian"]
[Black "Mittermair, Alois"]
[Result "1-0"]
[WhiteElo "1765"]
[BlackElo "1523"]
[PlyCount "79"]
[EventDate "2015.??.??"]

1. d4 d5 2. c4 e6 3. Nf3 Nf6 4. Nc3 h6 5. e3 Be7 6. Bd3 a6 7. b3 O-O 8. O-O b6
9. Bc2 Bb7 10. Qd3 Nbd7 11. Ne5 Bd6 12. Nxd7 Qxd7 13. f3 c5 14. cxd5 exd5 15.
Ba3 c4 16. bxc4 dxc4 17. Qxc4 Bxa3 18. Rab1 b5 19. Qd3 Rad8 20. Ne4 Nxe4 21.
fxe4 Be7 22. Rf3 Rc8 23. Rbf1 Qe6 24. Bb3 Qxe4 25. Qxe4 Bxe4 26. Rxf7 Kh8 27.
Rxe7 Rxf1+ 28. Kxf1 Bd3+ 29. Ke1 a5 30. Kd2 Bf1 31. Be6 Rc6 32. d5 Rd6 33. Rd7
Rxd7 34. Bxd7 Bxg2 35. d6 Kg8 36. Bxb5 Kf7 37. Bd7 Bd5 38. Kd3 Bxa2 39. Kd4 g5
40. Ba4 1-0

[Event "Kaltern/Tramin-Arci"]
[Site "?"]
[Date "2015.11.14"]
[Round "2.6"]
[White "Thaler, Elmar"]
[Black "Rinaldo, Gaetano"]
[Result "1/2-1/2"]
[WhiteElo "1826"]
[BlackElo "1669"]
[PlyCount "31"]
[EventDate "2015.??.??"]

1. d4 Nf6 2. c4 e6 3. Nc3 Bb4 4. e3 Ne4 5. Qc2 f5 6. Bd3 d5 7. a3 Bxc3+ 8. bxc3
Qg5 9. g3 O-O 10. Nf3 Qh5 11. Ne5 Nd7 12. Be2 Qh3 13. Bf1 Qh5 14. Be2 Qh3 15.
Bf1 Qh5 16. Be2 1/2-1/2